[Event "BALKAN AMATEUR CHESS FESTIVAL"]
[Site "Belogradchik, hotel Skalite"]
[Date "2010.09.09"]
[Round "6.20"]
[White "Petrov, Vladimir S"]
[Black "Reinwald, Patrick"]
[Result "0-1"]
[WhiteElo "1680"]
[BlackElo "2093"]
[PlyCount "54"]
[EventDate "2010.09.06"]

1. e4 e5 2. Nf3 Nc6 3. Nc3 Nf6 4. d4 exd4 5. Nxd4 Bb4 6. Nxc6 bxc6 7. Bd3 d5 8.
exd5 Qe7+ 9. Qe2 Qxe2+ 10. Kxe2 cxd5 11. Nb5 Ba5 12. b4 Bb6 13. Bf4 Kd8 14. c4
Re8+ 15. Kf3 dxc4 16. Bxc4 Bb7+ 17. Kg3 Nh5+ 18. Kg4 Nxf4 19. Rhd1+ Kc8 20.
Rac1 Ng6 21. Nd6+ cxd6 22. Bb5+ Kd8 23. Rxd6+ Ke7 24. Rd7+ Kf8 25. Rxb7 Re4+
26. Kg3 Rxb4 27. Bc4 Bxf2+ 0-1

[Event "BALKAN AMATEUR CHESS FESTIVAL"]
[Site "Belogradchik, hotel Skalite"]
[Date "2010.09.09"]
[Round "5.1"]
[White "Ivelinov, Hristo"]
[Black "Dobrev, Naiden"]
[Result "0-1"]
[WhiteElo "2221"]
[BlackElo "2206"]
[PlyCount "94"]
[EventDate "2010.09.06"]

1. d4 Nf6 2. c4 d6 3. Nc3 e5 4. Nf3 Nc6 5. g3 Be7 6. Bg2 O-O 7. d5 Nb8 8. O-O
a5 9. c5 Na6 10. cxd6 cxd6 11. b3 Bf5 12. Nh4 Bd7 13. Bb2 b5 14. a4 bxa4 15.
Nxa4 Rb8 16. Bc3 g5 17. Nf3 Ne4 18. Be1 f5 19. Nb2 Nb4 20. Kh1 Rb5 21. Nc4 Rxd5
22. Qb1 Rc5 23. Nxa5 Rxa5 24. Bxb4 Rxa1 25. Qxa1 Qb6 26. Be1 Qxb3 27. Nd2 Nxd2
28. Bxd2 Be6 29. Rc1 Rb8 30. Qa7 Bd8 31. g4 Qb6 32. Qa4 Be7 33. gxf5 Bxf5 34.
Be3 Qb5 35. Qa7 Bf6 36. Qa2+ Kf8 37. Qa3 Qb4 38. Qa7 e4 39. f3 exf3 40. Bxf3
Re8 41. Rc7 Qb3 42. Qa5 Bg6 43. Bxg5 Qd1+ 44. Kg2 Rxe2+ 45. Bxe2 Qxe2+ 46. Kh3
Qf1+ 47. Kg3 Be5+ 0-1

[Event "BALKAN AMATEUR CHESS FESTIVAL"]
[Site "Belogradchik, hotel Skalite"]
[Date "2010.09.09"]
[Round "5.2"]
[White "Ivanov, Borislav"]
[Black "Janachkov, Angel"]
[Result "1/2-1/2"]
[WhiteElo "2178"]
[BlackElo "2212"]
[PlyCount "66"]
[EventDate "2010.09.06"]

1. d4 g6 2. c4 Bg7 3. Nf3 Nf6 4. Nc3 O-O 5. e4 d6 6. Be2 e5 7. O-O Nc6 8. d5
Ne7 9. Nd2 a5 10. a3 Bd7 11. b3 Nc8 12. Rb1 Nb6 13. Qc2 Qe7 14. b4 axb4 15.
axb4 Na4 16. Nxa4 Bxa4 17. Qc3 Bh6 18. Bf3 Nd7 19. Nb3 Bxc1 20. Rfxc1 Bxb3 21.
Rxb3 f5 22. Ra3 Nf6 23. Rxa8 Rxa8 24. exf5 gxf5 25. Ra1 Rxa1+ 26. Qxa1 Kg7 27.
g3 b5 28. cxb5 Kg6 29. Qd1 e4 30. Be2 Qe5 31. Qc1 Nxd5 32. Qc4 Nc3 33. Bf1 Nd5
1/2-1/2

[Event "BALKAN AMATEUR CHESS FESTIVAL"]
[Site "Belogradchik, hotel Skalite"]
[Date "2010.09.09"]
[Round "5.3"]
[White "Todorov, Momchil"]
[Black "Andreev, Stanislav"]
[Result "1/2-1/2"]
[WhiteElo "2191"]
[BlackElo "2163"]
[PlyCount "67"]
[EventDate "2010.09.06"]

1. e4 c6 2. d4 d5 3. Nc3 dxe4 4. Nxe4 Nd7 5. Ng5 Ngf6 6. Bd3 e6 7. N1f3 Bd6 8.
Qe2 h6 9. Ne4 Nxe4 10. Qxe4 Nf6 11. Qe2 Qc7 12. Bd2 b6 13. O-O-O Bb7 14. Ne5
O-O-O 15. f4 Kb8 16. Kb1 Rhf8 17. Rhf1 c5 18. dxc5 Bxc5 19. g4 Bd4 20. Nf3 Bc5
21. g5 Nd5 22. Ne5 Bd6 23. c4 Nb4 24. Bxb4 Bxb4 25. Be4 Bd6 26. Bxb7 Qxb7 27.
Rd3 Qc7 28. Rfd1 Bxe5 29. Rxd8+ Rxd8 30. Rxd8+ Qxd8 31. Qxe5+ Kb7 32. Kc2 hxg5
33. fxg5 g6 34. Qe4+ 1/2-1/2

[Event "BALKAN AMATEUR CHESS FESTIVAL"]
[Site "Belogradchik, hotel Skalite"]
[Date "2010.09.09"]
[Round "5.4"]
[White "Ivanov, Bogidar"]
[Black "Mladenov, Emil"]
[Result "1-0"]
[WhiteElo "2188"]
[BlackElo "2169"]
[PlyCount "63"]
[EventDate "2010.09.06"]

1. e4 d5 2. exd5 Qxd5 3. Nf3 Bf5 4. Be2 Nc6 5. d4 O-O-O 6. Be3 e5 7. c4 Qa5+ 8.
Bd2 Bb4 9. d5 Bxb1 10. Rxb1 Nf6 11. O-O Bxd2 12. Nxd2 Nd4 13. Bd3 c6 14. dxc6
Nxc6 15. Nb3 Qxa2 16. Qc2 e4 17. Be2 Qa4 18. Qc3 Qb4 19. Qh3+ Nd7 20. c5 e3 21.
Bd1 Qe4 22. Bf3 exf2+ 23. Kh1 Qe3 24. Na1 f5 25. b4 Kb8 26. Nc2 Qd2 27. b5 Nce5
28. c6 Nb6 29. Qxf5 Nxf3 30. Qf7 Nd7 31. Qxf3 Qxc2 32. Rbc1 1-0

[Event "BALKAN AMATEUR CHESS FESTIVAL"]
[Site "Belogradchik, hotel Skalite"]
[Date "2010.09.09"]
[Round "5.5"]
[White "Todorov, Todor"]
[Black "Panayotov, Yanko"]
[Result "1-0"]
[WhiteElo "2151"]
[BlackElo "2233"]
[PlyCount "96"]
[EventDate "2010.09.06"]

1. e4 c5 2. Nf3 e6 3. d4 cxd4 4. Nxd4 a6 5. Bd3 Qc7 6. O-O Nf6 7. b3 Be7 8. Bb2
d6 9. Nd2 Nbd7 10. c4 b6 11. Rc1 Bb7 12. Qe2 O-O 13. f4 Rfe8 14. Rce1 e5 15.
Nf5 Bf8 16. Kh1 Nc5 17. Bb1 Ne6 18. fxe5 dxe5 19. Qf3 Rad8 20. Bc3 Nd4 21. Qg3
Nxf5 22. Rxf5 Nd7 23. Ref1 f6 24. h4 Kh8 25. h5 Qd6 26. Nf3 Nc5 27. Nd2 Bc8 28.
R5f3 Be7 29. Qh2 Bg4 30. Rg3 Qe6 31. h6 gxh6 32. Qxh6 Rg8 33. Nf3 Rg6 34. Qe3
Bf8 35. Nh2 Bh6 36. Qf2 Bf4 37. Rxg4 Rxg4 38. Nxg4 Qxg4 39. Qf3 Qg5 40. Be1 Rg8
41. Qh3 Qg6 42. g3 Bg5 43. Qf5 Qh5+ 44. Kg2 Qe2+ 45. Bf2 Nd3 46. Bxd3 Qxd3 47.
Rh1 h6 48. Re1 Qd6 1-0

[Event "BALKAN AMATEUR CHESS FESTIVAL"]
[Site "Belogradchik, hotel Skalite"]
[Date "2010.09.09"]
[Round "5.6"]
[White "Vladimirov, Vladimir"]
[Black "Vlashki, Nino"]
[Result "1/2-1/2"]
[WhiteElo "2142"]
[BlackElo "2230"]
[PlyCount "40"]
[EventDate "2010.09.06"]

1. e4 e5 2. Nf3 Nc6 3. Bb5 a6 4. Ba4 Nf6 5. O-O b5 6. Bb3 Bc5 7. Nxe5 Nxe5 8.
d4 Bxd4 9. Qxd4 d6 10. f4 Nc6 11. Qc3 Bb7 12. e5 Ne4 13. Qe3 Na5 14. Nd2 Nxb3
15. axb3 Nxd2 16. Bxd2 O-O 17. Bc3 Qh4 18. Rad1 Qg4 19. Qg3 Qxg3 20. hxg3 dxe5
1/2-1/2

[Event "BALKAN AMATEUR CHESS FESTIVAL"]
[Site "Belogradchik, hotel Skalite"]
[Date "2010.09.09"]
[Round "5.7"]
[White "Ilchev, Plamen"]
[Black "Primbetov, Kazbek"]
[Result "1-0"]
[WhiteElo "2118"]
[BlackElo "2221"]
[PlyCount "63"]
[EventDate "2010.09.06"]

1. e4 e6 2. d4 d5 3. Nd2 c5 4. Ngf3 Nf6 5. e5 Nfd7 6. c3 Nc6 7. Be2 cxd4 8.
cxd4 Qb6 9. Nb1 f6 10. exf6 Nxf6 11. O-O Bd6 12. Nc3 O-O 13. Na4 Qc7 14. Bg5
Ne4 15. Bh4 Bd7 16. Rc1 Bf4 17. Rb1 Be8 18. Bg3 Bg6 19. Bxf4 Qxf4 20. Rc1 Bh5
21. Nc5 Nxc5 22. dxc5 Bxf3 23. Bxf3 Nd4 24. Rc3 Rad8 25. Bg4 e5 26. g3 Qf6 27.
Rd3 Qc6 28. b4 Nf5 29. Re1 e4 30. Rxe4 dxe4 31. Rxd8 Ne7 32. Qb3+ 1-0

[Event "BALKAN AMATEUR CHESS FESTIVAL"]
[Site "Belogradchik, hotel Skalite"]
[Date "2010.09.09"]
[Round "5.8"]
[White "Vasilev, Plamen"]
[Black "Sgircea, Silvia Raluca"]
[Result "0-1"]
[WhiteElo "2102"]
[BlackElo "2192"]
[PlyCount "86"]
[EventDate "2010.09.06"]

1. d4 d5 2. Nf3 Nf6 3. b3 Bf5 4. e3 e6 5. Bd3 Ne4 6. O-O Bd6 7. Ba3 Bxa3 8.
Nxa3 O-O 9. c4 c6 10. Nb1 Nd7 11. Qc2 Qe7 12. Nc3 Nxc3 13. Bxf5 exf5 14. Qxc3
Nf6 15. Ne5 Ne4 16. Qc2 Qg5 17. cxd5 cxd5 18. Qc7 b6 19. Qb7 f4 20. Nf3 Qf5 21.
exf4 Nc3 22. g3 Qe4 23. Kg2 Ne2 24. Rfe1 Rac8 25. Rxe2 Qxe2 26. Qxa7 Rc3 27.
Ne5 Qe4+ 28. Kh3 f6 29. Nd7 Rd8 30. Nxb6 Qxd4 31. Re1 Qxf4 32. Qa5 Qc7 33. Qb4
Qc5 34. Qxc5 Rxc5 35. a4 d4 36. b4 Rc2 37. b5 d3 38. Rd1 d2 39. a5 Rc1 40. Rxd2
Rxd2 41. a6 Ra2 42. Nd5 Ra5 43. Ne7+ Kf8 0-1

[Event "BALKAN AMATEUR CHESS FESTIVAL"]
[Site "Belogradchik, hotel Skalite"]
[Date "2010.09.09"]
[Round "5.9"]
[White "Reinwald, Patrick"]
[Black "Janchev, Petar"]
[Result "0-1"]
[WhiteElo "2093"]
[BlackElo "2186"]
[PlyCount "86"]
[EventDate "2010.09.06"]

1. e4 e5 2. Nf3 Nc6 3. d4 exd4 4. Nxd4 Nf6 5. Nc3 Bb4 6. Nxc6 bxc6 7. Bd3 d5 8.
exd5 Qe7+ 9. Qe2 Qxe2+ 10. Kxe2 cxd5 11. Nb5 Ba5 12. Bd2 Bxd2 13. Kxd2 Kd8 14.
Rhe1 Bd7 15. Na3 Rb8 16. b3 Re8 17. f3 c5 18. c4 d4 19. Rxe8+ Bxe8 20. Re1 Rb6
21. Bf5 Ra6 22. Nc2 Rxa2 23. Re5 g6 24. Bh3 Nd7 25. Bxd7 Bxd7 26. g4 Bc6 27.
Rxc5 Bxf3 28. Kd3 Bxg4 29. Nxd4 Rxh2 30. Nc6+ Ke8 31. Nxa7 h5 32. b4 h4 33. b5
h3 34. b6 Rb2 35. Nb5 Bf3 36. Rc8+ Ke7 37. Rh8 Bc6 38. Kc3 Rb1 39. Na7 Bg2 40.
c5 g5 41. c6 g4 42. b7 g3 43. c7 Bxb7 0-1

[Event "BALKAN AMATEUR CHESS FESTIVAL"]
[Site "Belogradchik, hotel Skalite"]
[Date "2010.09.09"]
[Round "5.10"]
[White "Ninov, Dayan"]
[Black "Tscharotschkin, Michael"]
[Result "1-0"]
[WhiteElo "2033"]
[BlackElo "2179"]
[PlyCount "63"]
[EventDate "2010.09.06"]

1. d4 c6 2. c4 d5 3. Nf3 Nf6 4. g3 Bf5 5. Bg2 e6 6. O-O Be7 7. Qb3 Qb6 8. Nc3
Nbd7 9. c5 Qxb3 10. axb3 O-O 11. b4 b6 12. h3 bxc5 13. bxc5 Rfb8 14. Ra6 Rc8
15. g4 Nb8 16. Ra2 Bg6 17. Bf4 Nfd7 18. Rfa1 a6 19. b4 Ra7 20. b5 cxb5 21. Nxb5
Rb7 22. Nd6 Bxd6 23. Bxd6 f6 24. Bf1 e5 25. e3 exd4 26. exd4 Be4 27. Nd2 Rc6
28. Nxe4 dxe4 29. Bc4+ Kh8 30. Bd5 Rxd6 31. Bxb7 Rxd4 32. c6 1-0

[Event "BALKAN AMATEUR CHESS FESTIVAL"]
[Site "Belogradchik, hotel Skalite"]
[Date "2010.09.09"]
[Round "5.11"]
[White "Ivanov, Stoyan E"]
[Black "Ljangov, Petar"]
[Result "1/2-1/2"]
[WhiteElo "2176"]
[BlackElo "2096"]
[PlyCount "81"]
[EventDate "2010.09.06"]

1. d4 Nf6 2. Nf3 e6 3. e3 b6 4. Be2 Bb7 5. O-O Be7 6. c4 d6 7. Nc3 c5 8. d5 e5
9. e4 O-O 10. a3 Nbd7 11. Ne1 Ne8 12. Bd3 Bg5 13. g3 Bxc1 14. Rxc1 Bc8 15. Ng2
Ndf6 16. Ne3 Bh3 17. Re1 Qc8 18. Qc2 g6 19. f3 Bd7 20. Rf1 Nh5 21. Kh1 Qd8 22.
Qf2 Qe7 23. Rce1 f6 24. Rg1 Kh8 25. f4 Nhg7 26. f5 g5 27. h4 gxh4 28. g4 Nc7
29. Qxh4 Rg8 30. Re2 Nge8 31. Rh2 Rg7 32. Nf1 a6 33. Ng3 b5 34. Nh5 Rf7 35. g5
fxg5 36. Rxg5 Nf6 37. Rg6 Nxh5 38. Qxh5 Raf8 39. Rh6 Rg7 40. Qh4 Qxh4 41. R2xh4
1/2-1/2

[Event "BALKAN AMATEUR CHESS FESTIVAL"]
[Site "Belogradchik, hotel Skalite"]
[Date "2010.09.09"]
[Round "5.13"]
[White "Tashkov, Rumen"]
[Black "Cernea, Radu"]
[Result "1-0"]
[WhiteElo "2239"]
[BlackElo "2039"]
[PlyCount "139"]
[EventDate "2010.09.06"]

1. d4 Nf6 2. c4 g6 3. Nf3 Bg7 4. g3 O-O 5. Bg2 d6 6. O-O Nbd7 7. Nc3 e5 8. e4
exd4 9. Nxd4 Ne5 10. b3 Bg4 11. f3 Bd7 12. Be3 Qc8 13. Qd2 Re8 14. Rfd1 Rb8 15.
Rac1 Bh3 16. Bh1 Nfd7 17. Nd5 Nc5 18. Nb5 Qd7 19. Nbxc7 Red8 20. Bg5 Kh8 21.
Bxd8 Rxd8 22. Nb5 Ned3 23. b4 Nxc1 24. bxc5 dxc5 25. Rxc1 a6 26. Nbc3 b5 27.
Ne2 b4 28. Qe3 Qa4 29. Qb3 Qe8 30. f4 a5 31. e5 f6 32. Qf3 fxe5 33. g4 exf4 34.
Ndxf4 Bd4+ 35. Nxd4 Bxg4 36. Qf2 Rxd4 37. Re1 Qf7 38. Nxg6+ Kg8 39. Qxf7+ Kxf7
40. Ne5+ Kf6 41. Bd5 Bh3 42. Re3 Rd1+ 43. Kf2 Rd2+ 44. Kg3 Bf5 45. Nc6 Rxa2 46.
Re8 Ra3+ 47. Kf4 Bc2 48. Rf8+ Kg7 49. Rf7+ Kh6 50. Ne5 b3 51. Ng4+ Kg6 52. Rf6+
Kg7 53. Kg5 Bg6 54. Rb6 Ra1 55. Rb7+ Kf8 56. Rxb3 a4 57. Rf3+ Ke7 58. Re3+ Kd6
59. Re6+ Kd7 60. Ne5+ Kd8 61. Ra6 a3 62. Kf6 Kc7 63. Ke6 a2 64. h4 Rf1 65. Rxa2
Bf5+ 66. Ke7 Re1 67. Ra7+ Kb6 68. Rb7+ Ka6 69. Kd6 Bg6 70. Nd7 1-0

[Event "BALKAN AMATEUR CHESS FESTIVAL"]
[Site "Belogradchik, hotel Skalite"]
[Date "2010.09.09"]
[Round "5.15"]
[White "Sofranov, Velizar"]
[Black "Milchev, Miroslav"]
[Result "1-0"]
[WhiteElo "2011"]
[BlackElo "2200"]
[PlyCount "119"]
[EventDate "2010.09.06"]

1. d4 Nf6 2. c4 e6 3. Nc3 Bb4 4. e3 O-O 5. Nge2 d5 6. a3 Be7 7. cxd5 Nxd5 8. e4
Nxc3 9. Nxc3 c5 10. d5 Bf6 11. Be2 exd5 12. exd5 b6 13. O-O Bb7 14. Bf3 Nd7 15.
Bf4 Ne5 16. Be4 Re8 17. Re1 Ng6 18. Bg3 Qd7 19. Qd3 Bxc3 20. bxc3 f5 21. Bxf5
Qxd5 22. Qxd5+ Bxd5 23. a4 Kf7 24. h4 Nf8 25. h5 g6 26. hxg6+ hxg6 27. Bd3 Ne6
28. Re5 Bb3 29. Be4 Rad8 30. Bc6 Rh8 31. Re3 Bd5 32. Bb5 Rh5 33. Be2 Rhh8 34.
a5 b5 35. Bxb5 c4 36. Rae1 Rh5 37. Re5 Rdh8 38. Rxh5 Rxh5 39. Re5 Rxe5 40. Bxe5
Nc5 41. a6 Ke6 42. Bd4 Kd6 43. f3 Be6 44. Kf2 Kd5 45. Kg3 Bc8 46. Kh4 Nxa6 47.
Bxa7 Nc7 48. Ba4 Ne6 49. Be3 Ke5 50. Bb5 Nf4 51. Bxf4+ Kxf4 52. Bxc4 g5+ 53.
Kh5 Bd7 54. Bf7 Ba4 55. c4 Bb3 56. Bd5 Ba2 57. Kg6 g4 58. fxg4 Kxg4 59. Bf3+
Kf4 60. c5 1-0

[Event "BALKAN AMATEUR CHESS FESTIVAL"]
[Site "Belogradchik, hotel Skalite"]
[Date "2010.09.09"]
[Round "5.16"]
[White "Enoiu, Alexandru-Ionut"]
[Black "Danov, Lyumobir"]
[Result "1-0"]
[WhiteElo "2187"]
[BlackElo "1941"]
[PlyCount "69"]
[EventDate "2010.09.06"]

1. d4 d5 2. Nf3 Nf6 3. c4 c6 4. Nc3 a6 5. cxd5 cxd5 6. Bf4 Nc6 7. Qb3 Na5 8.
Qc2 g6 9. e3 Bf5 10. Bd3 Bxd3 11. Qxd3 Bg7 12. h3 O-O 13. O-O Rc8 14. Rac1 Nc4
15. b3 Nd6 16. Rc2 Nde4 17. Rfc1 Nxc3 18. Rxc3 Rxc3 19. Qxc3 Qb6 20. Qc5 Qxc5
21. Rxc5 h6 22. Rc7 b5 23. Rxe7 Rc8 24. Ra7 Ne4 25. Bg3 Rc6 26. Kh2 f6 27. Ne1
Bf8 28. Nd3 Nc3 29. a4 g5 30. axb5 Nxb5 31. Ra8 Kf7 32. b4 Nc3 33. Nc5 Na2 34.
Nxa6 Nxb4 35. Rxf8+ 1-0

[Event "BALKAN AMATEUR CHESS FESTIVAL"]
[Site "Belogradchik, hotel Skalite"]
[Date "2010.09.09"]
[Round "5.17"]
[White "Dichev, Nedelcho"]
[Black "Galunova, Tsveta"]
[Result "1-0"]
[WhiteElo "2163"]
[BlackElo "1991"]
[PlyCount "55"]
[EventDate "2010.09.06"]

1. Nf3 Nf6 2. c4 c6 3. g3 d5 4. b3 Bg4 5. Bg2 e6 6. O-O Nbd7 7. Bb2 Be7 8. d3
O-O 9. Nbd2 a5 10. a3 b5 11. Qc2 Qb6 12. cxb5 cxb5 13. Bd4 Bc5 14. Bxc5 Nxc5
15. Rac1 Na6 16. Qc6 Qb8 17. Qc2 b4 18. a4 Rc8 19. Qb2 Nc5 20. Rc2 Ra7 21. Rfc1
Rac7 22. Nd4 Nfd7 23. Nb5 Rb7 24. d4 Bxe2 25. dxc5 Bxb5 26. axb5 Rxb5 27. c6
Nb6 28. Bf1 1-0

[Event "BALKAN AMATEUR CHESS FESTIVAL"]
[Site "Belogradchik, hotel Skalite"]
[Date "2010.09.09"]
[Round "5.18"]
[White "Enchev, Evgeni"]
[Black "Bochev, Krasimir"]
[Result "1-0"]
[WhiteElo "1984"]
[BlackElo "2143"]
[PlyCount "97"]
[EventDate "2010.09.06"]

1. d4 g6 2. c4 Bg7 3. Nf3 d6 4. e4 Nf6 5. Nc3 O-O 6. Be2 c5 7. d5 e6 8. h3 Re8
9. O-O Na6 10. Bg5 h6 11. Be3 exd5 12. exd5 Bf5 13. g4 Bd7 14. Qd2 h5 15. g5
Ne4 16. Nxe4 Rxe4 17. Kg2 Nc7 18. Ng1 b5 19. b3 Bxa1 20. Rxa1 Qf8 21. Bf3 Ree8
22. Qa5 Rec8 23. Ne2 Qe7 24. Ng3 Qe5 25. Re1 b4 26. Re2 Qg7 27. Bf4 Qf8 28. Ne4
Ne8 29. Qa6 Rd8 30. Kh2 Bf5 31. Nf6+ Nxf6 32. gxf6 Rd7 33. Re7 Qc8 34. Qc6 a5
35. Kg3 Rd8 36. Rc7 Qa6 37. Qa4 Rac8 38. Rc6 Rxc6 39. dxc6 Qa7 40. Bd5 Qc7 41.
Qb5 Bc8 42. Qxc5 g5 43. Qe3 h4+ 44. Kh2 Bxh3 45. Qe4 Be6 46. Bxg5 Bxd5 47. cxd5
Qc8 48. Be3 h3 49. Qf4 1-0

[Event "BALKAN AMATEUR CHESS FESTIVAL"]
[Site "Belogradchik, hotel Skalite"]
[Date "2010.09.09"]
[Round "5.19"]
[White "Ivanov, Ljubomir"]
[Black "Dimitrov, Dejan"]
[Result "0-1"]
[WhiteElo "1973"]
[BlackElo "2053"]
[PlyCount "64"]
[EventDate "2010.09.06"]

1. d4 e6 2. c4 c5 3. d5 exd5 4. cxd5 d6 5. Nc3 Be7 6. Nf3 Bf6 7. Qa4+ Nd7 8.
Qe4+ Ne7 9. Bf4 Qb6 10. O-O-O Bxc3 11. bxc3 Nf6 12. Qa4+ Bd7 13. Qb3 Qxb3 14.
axb3 Ne4 15. Bg3 Nf5 16. Rd3 O-O 17. Rg1 Nfxg3 18. fxg3 a5 19. Nd2 Rfe8 20. Re3
Nxd2 21. Rxe8+ Bxe8 22. Kxd2 a4 23. e3 axb3 24. Bc4 Ra2+ 25. Kd3 b5 26. Bxb3
c4+ 27. Bxc4 bxc4+ 28. Kxc4 Ra4+ 29. Kb3 Re4 30. Ra1 Kf8 31. Re1 Bb5 32. Kc2
Bc4 0-1

[Event "BALKAN AMATEUR CHESS FESTIVAL"]
[Site "Belogradchik, hotel Skalite"]
[Date "2010.09.09"]
[Round "5.20"]
[White "Turcu, Iulian"]
[Black "Stankov, Apostol"]
[Result "1-0"]
[WhiteElo "2237"]
[BlackElo "1926"]
[PlyCount "69"]
[EventDate "2010.09.06"]

1. d4 Nf6 2. Bg5 Ne4 3. Bf4 c5 4. f3 Nf6 5. dxc5 Qa5+ 6. Nc3 Qxc5 7. e4 d6 8.
Qd2 a6 9. O-O-O e5 10. Be3 Qc7 11. g4 h6 12. h4 b5 13. Bh3 Bb7 14. g5 b4 15.
Na4 Nfd7 16. Qxb4 d5 17. Qb3 d4 18. g6 dxe3 19. gxf7+ Kd8 20. Nb6 Bc6 21. Nxa8
Bxa8 22. Ne2 Bc6 23. Rhg1 g5 24. Qe6 Be7 25. Rg2 a5 26. Ng3 Ba4 27. Nf5 Qc5 28.
Nxe7 Qxe7 29. Qb6+ Kc8 30. Qxa5 Bc6 31. Re2 Qxf7 32. Bf5 gxh4 33. Rxe3 Rg8 34.
Rb3 Rg2 35. Qa7 1-0

[Event "BALKAN AMATEUR CHESS FESTIVAL"]
[Site "Belogradchik, hotel Skalite"]
[Date "2010.09.08"]
[Round "4.1"]
[White "Tscharotschkin, Michael"]
[Black "Ivelinov, Hristo"]
[Result "0-1"]
[WhiteElo "2179"]
[BlackElo "2221"]
[PlyCount "80"]
[EventDate "2010.09.06"]

1. e4 e5 2. Nf3 d6 3. d4 Nd7 4. Bc4 c6 5. a4 Be7 6. O-O h6 7. Nc3 Ngf6 8. dxe5
Nxe5 9. Nxe5 dxe5 10. Qe2 O-O 11. h3 Bb4 12. Na2 Bd6 13. Rd1 Qe7 14. b4 Be6 15.
Bxe6 Qxe6 16. c4 Rfd8 17. f3 Nh5 18. Be3 Be7 19. Rab1 Qg6 20. Rxd8+ Bxd8 21.
Rd1 Bg5 22. Bxg5 Qxg5 23. Qd2 Nf4 24. Kh2 Qg6 25. Nc3 Kh7 26. g3 Ne6 27. Qe3
Qf6 28. Kg2 Qe7 29. c5 a5 30. Nd5 cxd5 31. exd5 Nf8 32. b5 Rc8 33. Rc1 f5 34.
b6 Ng6 35. Rc4 Qd7 36. Qd2 Ne7 37. Qxa5 Qxd5 38. Qc3 Nc6 39. Qc1 Nd4 40. Qc3
Rc6 0-1

[Event "BALKAN AMATEUR CHESS FESTIVAL"]
[Site "Belogradchik, hotel Skalite"]
[Date "2010.09.08"]
[Round "4.2"]
[White "Dobrev, Naiden"]
[Black "Ilchev, Plamen"]
[Result "0-1"]
[WhiteElo "2206"]
[BlackElo "2118"]
[PlyCount "57"]
[EventDate "2010.09.06"]

1. d4 Nf6 2. Bg5 e6 3. e4 h6 4. Bxf6 Qxf6 5. c3 c5 6. Nf3 cxd4 7. cxd4 Bb4+ 8.
Nc3 O-O 9. Bd3 Qe7 10. O-O d6 11. Rc1 Ba5 12. e5 d5 13. Bb1 Nc6 14. Qd3 g6 15.
h4 Kh7 16. h5 Rg8 17. Ne2 Bd7 18. Nf4 Be8 19. g3 Bd8 20. Kg2 Qd7 21. Rh1 Ne7
22. hxg6+ Nxg6 23. Qe3 Rg7 24. Nxg6 fxg6 25. Qxh6+ Kg8 26. Qh8+ Kf7 27. Rh7
Rxh7 28. Qxh7+ Kf8 29. Qh8+ 0-1

[Event "BALKAN AMATEUR CHESS FESTIVAL"]
[Site "Belogradchik, hotel Skalite"]
[Date "2010.09.08"]
[Round "4.3"]
[White "Mladenov, Emil"]
[Black "Todorov, Momchil"]
[Result "1/2-1/2"]
[WhiteElo "2169"]
[BlackElo "2191"]
[PlyCount "75"]
[EventDate "2010.09.06"]

1. e4 c5 2. g3 d5 3. exd5 Qxd5 4. Nf3 Nc6 5. Bg2 Qe6+ 6. Kf1 g6 7. Nc3 Bg7 8.
d3 Nf6 9. h3 O-O 10. Kg1 Rd8 11. Kh2 c4 12. Re1 Qf5 13. d4 Nb4 14. Re2 Nfd5 15.
Nxd5 Nxd5 16. c3 b5 17. Ne5 Bb7 18. Qh1 Rab8 19. Ng4 Qd7 20. Bg5 f6 21. Nh6+
Kf8 22. Bd2 Nb6 23. Rae1 Bxg2 24. Qxg2 Nd5 25. a3 Bxh6 26. Bxh6+ Kg8 27. Qf3
Rb7 28. h4 Qf5 29. Qxf5 gxf5 30. Re6 Kf7 31. Rc6 Rb6 32. Ree6 Rxc6 33. Rxc6 Rb8
34. Kg2 e6 35. Bf4 Nxf4+ 36. gxf4 Rb7 37. h5 Kg7 38. Rc8 1/2-1/2

[Event "BALKAN AMATEUR CHESS FESTIVAL"]
[Site "Belogradchik, hotel Skalite"]
[Date "2010.09.08"]
[Round "4.4"]
[White "Janachkov, Angel"]
[Black "Ninov, Dayan"]
[Result "1-0"]
[WhiteElo "2212"]
[BlackElo "2033"]
[PlyCount "63"]
[EventDate "2010.09.06"]

1. e4 Nf6 2. d3 d5 3. Nd2 c5 4. g3 Bg4 5. f3 Bd7 6. Bg2 Nc6 7. Ne2 e5 8. O-O d4
9. a4 a6 10. Nc4 Be6 11. b3 b5 12. Nd2 Nd7 13. f4 f6 14. Kh1 Be7 15. Ng1 O-O
16. Bh3 Bxh3 17. Nxh3 Nb6 18. Nf3 Bd6 19. Nh4 g6 20. Bd2 Qe7 21. a5 Nd7 22. Qg4
Kh8 23. f5 g5 24. Nxg5 fxg5 25. Bxg5 Nf6 26. Qh3 Kg8 27. Bh6 Kf7 28. g4 Rac8
29. g5 Ne8 30. g6+ hxg6 31. fxg6+ Kg8 32. Rxf8+ 1-0

[Event "BALKAN AMATEUR CHESS FESTIVAL"]
[Site "Belogradchik, hotel Skalite"]
[Date "2010.09.08"]
[Round "4.5"]
[White "Ivanov, Borislav"]
[Black "Popov, Ilian"]
[Result "1-0"]
[WhiteElo "2178"]
[BlackElo "2247"]
[PlyCount "47"]
[EventDate "2010.09.06"]

1. d4 d5 2. c4 dxc4 3. Nf3 Nf6 4. Qa4+ Qd7 5. Qxc4 b5 6. Qb3 a6 7. a4 bxa4 8.
Rxa4 Nc6 9. Nc3 Rb8 10. Qd1 e6 11. e3 Rb6 12. Be2 Bb4 13. O-O Bb7 14. Nd2 Na5
15. Na2 Bxd2 16. Bxd2 Nb3 17. Ra3 Nxd2 18. Qxd2 O-O 19. Nc3 c5 20. Na4 Rc6 21.
Bf3 cxd4 22. Bxc6 Qxc6 23. Rc1 Qe8 24. Rc4 1-0

[Event "BALKAN AMATEUR CHESS FESTIVAL"]
[Site "Belogradchik, hotel Skalite"]
[Date "2010.09.08"]
[Round "4.6"]
[White "Ivanov, Bogidar"]
[Black "Sofranov, Velizar"]
[Result "1-0"]
[WhiteElo "2188"]
[BlackElo "2011"]
[PlyCount "99"]
[EventDate "2010.09.06"]

1. e4 c5 2. Nf3 Nc6 3. d4 cxd4 4. Nxd4 e5 5. Nb5 d6 6. c4 Be7 7. N1c3 a6 8. Na3
Be6 9. Nc2 Bg5 10. Bxg5 Qxg5 11. Ne3 Nd4 12. Bd3 Rc8 13. Qa4+ Nc6 14. Rd1 Nf6
15. O-O O-O 16. Kh1 h5 17. Ned5 Ng4 18. f3 Nh6 19. Ne2 h4 20. Qa3 Rfd8 21. Bb1
f6 22. Nb6 Rb8 23. Rxd6 Bf7 24. Rxd8+ Rxd8 25. Nd5 h3 26. gxh3 Qd2 27. Bd3 Bh5
28. Qc3 Qg5 29. Qe1 Nf7 30. b3 Nh8 31. Ng3 Bg6 32. Rg1 Qh6 33. Qf1 Kf8 34. f4
Nf7 35. Bb1 Nd4 36. c5 Rc8 37. b4 Bh7 38. a4 a5 39. Nb6 Rc7 40. f5 axb4 41. a5
Ng5 42. a6 bxa6 43. Qxa6 Qxh3 44. Qa8+ Kf7 45. Qd5+ Kf8 46. Bd3 Ngf3 47. Rg2
Ne1 48. Ra2 Ra7 49. Bf1 Qg4 50. Bb5 1-0

[Event "BALKAN AMATEUR CHESS FESTIVAL"]
[Site "Belogradchik, hotel Skalite"]
[Date "2010.09.08"]
[Round "4.7"]
[White "Andreev, Stanislav"]
[Black "Enoiu, Alexandru-Ionut"]
[Result "1-0"]
[WhiteElo "2163"]
[BlackElo "2187"]
[PlyCount "141"]
[EventDate "2010.09.06"]

1. d4 d5 2. c4 e6 3. Nc3 Nf6 4. cxd5 exd5 5. Bg5 Be7 6. e3 O-O 7. Bd3 Nbd7 8.
Nf3 Re8 9. O-O c6 10. Qc2 Nf8 11. h3 g6 12. Bf4 Ne6 13. Be5 Ng7 14. Rab1 Bf5
15. b4 a6 16. a4 Rc8 17. Rfc1 Bd6 18. Bxf5 Nxf5 19. Ne2 Qe7 20. Nf4 Nd7 21. Nd3
Nxe5 22. Nfxe5 Bxe5 23. Nxe5 Nd6 24. Qc5 f6 25. Nd3 Qd7 26. Qc3 Kg7 27. Nc5 Qf7
28. Qd3 Qe7 29. Qd1 Rb8 30. Qg4 h5 31. Qf4 Rbc8 32. Rc3 Rf8 33. Qf3 Rce8 34.
Qd1 Rf7 35. Qc2 Kh6 36. Nd3 Qe4 37. Qc1 Kh7 38. Nf4 Qf5 39. Rcb3 h4 40. Qd1 Kg7
41. Qd3 Qxd3 42. Rxd3 Ree7 43. Ne2 b5 44. axb5 axb5 45. Ra3 Nc4 46. Ra6 Rc7 47.
Nf4 Rfe7 48. Nd3 g5 49. Kh2 Kg6 50. Rba1 Kf5 51. Ra8 Nb6 52. Rb8 Nc4 53. Ra6
Ke4 54. Nc5+ Kf5 55. Rg8 Nd6 56. Ra1 Ne4 57. Nd3 Nd6 58. Ra6 Ke4 59. Nc5+ Kf5
60. Raa8 Ne4 61. Nd3 Nd6 62. Rad8 Nc4 63. Rc8 Nd6 64. Rcf8 Nc4 65. Nc5 Nd6 66.
g4+ hxg3+ 67. fxg3 Rg7 68. g4+ Kg6 69. Rh8 Rh7 70. Rhg8+ Rhg7 71. Ne6 1-0